| 000 | 00464 a2200121 4500 | ||
|---|---|---|---|
| 001 | 91267 | ||
| 082 | _aPR 1200 | ||
| 090 |
_c43356 _d43356 |
||
| 100 | _aAsif Sultan Ch.; Prof shakeel and Khalid Pervaiz (Advisors) | ||
| 245 |
_aTo Design and Fabricate an Apparatus for Studying the relationship between Gyroscope Torque, Speed of Rotation and Rate of Precession of a Gyroscope _n43 "A" EC |
||
| 260 |
_aKarachi _bNED University _c1995 |
||
| 500 | _aBE Project Reports | ||
| 942 |
_aCAE NUST _kPR 1200 |
||
| 999 |
_c326340 _d326340 |
||